000 00896nam a22002897a 4500
001 BR7303891
003 BR-BrBNA
005 20230928084008.0
007 ta
008 230509b bl.||||| |||| 00| 0 por d
040 _aBR-BrBNA
_bpor
_cBiblioteca Nacional de Agricultura
041 _a(Por)
072 _aF60
_b3290
_b/G514
090 _ 3290 BR7303891
100 1 _aAlmeida, M.E.L. de
110 1 _aUniversidade Federal Rural do Rio de Janeiro, Itaguai (Brasil)
_0Tese (Professor catedratico)
_911225
245 1 _aEstudo quimico de leguminosas brasileiras: Tipuana tipu; Andira legalis; Dalbergia riparia, Dalbergia inundata
260 3 _aItaguai, RJ (Brasil):
_c1973.
300 _a142 p.
500 _a24 ref.
650 _aBioquimica vegetal
650 _aArvore
650 _aLeguminosa
650 _aAnalise quimica
909 _a202309
_bLucia
_c55
_dLucia Elande
942 _cBK
999 _c16209
_d16209